• 首页
  • 本馆介绍
  • 公告通知
  • 最新文献
  • 馆藏检索
  • 电子资源
  • 读者导购
  • 参考咨询
  • 我的图书馆
  • 登录
  • 详细信息显示
  • 放入我的书架
  • 预约/预借图书
  • 作者相关作品
  • 分类相关作品
  • 丛书相关作品
  • 出版社相关作品

书目信息

  • 表格格式
  • 工作单格式
  • 卡片格式
题名:
任继愈谈汉唐佛教思想
    
 
作者: 任继愈 著
分册: 下卷  
出版信息: 北京   石油工业出版社  2018
页数: 317-516页
开本: 21cm
丛书名:
单 册:
中图分类: B948
科图分类:
主题词: 佛教--研究--中国--汉代 , 佛教--研究--中国--唐代
电子资源:
ISBN: 978-7-5183-2348-7
000 00899nam0 2200253 45
001 012001002568
005 20180926155130.46
010    @a978-7-5183-2348-7@dCNY34.00
100    @a20180315d2018 em y0chiy50 ea
101 0  @achi
102    @aCN@b110000
105    @ay z 000yy
106    @ar
200 1  @a任继愈谈汉唐佛教思想@9ren ji yu tan han tang fo jiao si xiang@h下卷@f任继愈著@FRen Ji Yu Zhu@PRJYZ
210    @a北京@c石油工业出版社@d2018
215    @a317-516页@d21cm
300    @a任继愈佛教经学系列
330    @a本书是任继愈先生的佛学研究代表作,内容包含《中国佛教的特点》《汉唐时期佛教哲学思想在中国的传播和发展》《天台宗哲学思想略论》《法相宗哲学思想略论》等。
606 0  @a佛教@x研究@y中国@z汉代
606 0  @a佛教@x研究@y中国@z唐代
690    @aB948@v5
701  0 @a任继愈@9ren ji yu@f(1916-2009)@4著
801  0 @aCN@b上海新华@c20180901
905    @b1161085-9@dB948@e537:2@f5
    
    任继愈谈汉唐佛教思想.下卷/任继愈著.-北京:石油工业出版社,2018
    317-516页;21cm
    任继愈佛教经学系列
    
    ISBN 978-7-5183-2348-7:CNY34.00
    本书是任继愈先生的佛学研究代表作,内容包含《中国佛教的特点》《汉唐时期佛教哲学思想在中国的传播和发展》《天台宗哲学思想略论》《法相宗哲学思想略论》等。
●
相关链接 在E读中查询图书 在五车中查询图书 在当当中查询图书 在豆瓣中查询图书


正题名:任继愈谈汉唐佛教思想     索取号:B948/537:2         预约/预借

序号 登录号 条形码 馆藏地/架位号 状态 备注
1 1161080   211610808   不外借—密集书库/ [索取号:B948/537:2] 在馆    
2 1161081   211610817   不外借—密集书库/ [索取号:B948/537:2] 在馆    
3 1161082   211610826   不外借—密集书库/ [索取号:B948/537:2] 在馆    
4 1161083   211610835   不外借—密集书库/ [索取号:B948/537:2] 在馆    
5 1161084   211610844   不外借—密集书库/ [索取号:B948/537:2] 在馆    
6 1161085   211610853   不外借—密集书库/ [索取号:B948/537:2] 在馆    
7 1161086   211610862   不外借—密集书库/ [索取号:B948/537:2] 在馆    
8 1161087   211610871   不外借—密集书库/ [索取号:B948/537:2] 在馆    
9 1161088   211610880   不外借—密集书库/ [索取号:B948/537:2] 在馆    
10 1161089   211610899   不外借—密集书库/ [索取号:B948/537:2] 在馆    
唐山师范学院图书馆 欢迎您!
大连网信软件有限公司© 版权所有